Venäjän naapurimaiden liput - Statistics

Yleistilastot
  • Tätä visaa on pelattu 2 543 kertaa
  • Keskiarvotulos 13 / 14
Vastaustilastot
Kuvavisa Vastaus % Oikein
Suomi
100%
Kiina
99%
Norja
99%
Ukraina
99%
Viro
99%
Puola
96%
Latvia
92%
Georgia
89%
Liettua
88%
Kazakstan
87%
Valko-Venäjä
85%
Pohjois-Korea
81%
Mongolia
73%
Azerbaidžan
65%
Ehtoja vastaavia visoja ei löytynyt
Tulosjakauma
Jokaisen tuloksen saaneiden osuus
Persentiili vastausten määrän mukaan
Tuloshistoriasi
Et ole pelannut tätä visaa